00821nam a2200265 4500001001300000003000400013005001700017008004100034010001700075025001900092050001800111082001600129100001500145245004700160250001400207260006400221300002900285350001000314500009100324504003300415650002900448650002600477650003500503999001700538sa 68012030 DLC20260227112606.0691014s1968 pk 00000 eng  asa 68012030  aPL480:EP-B-5180 aJQ552b.Z1A75 a354.549/00600aAli Ahmed.1 aRole of higher civil servants in Pakistan. a[1st ed.]0 aDacca,bNational Institute of Public Administrationc[1968] axvi, 502, [3] p.c25 cm. a15.00 a"Thesis approved for the degree of Doctor of Philosophy at the University of Bristol." aBibliography: p. [487]-[504] 0aCivil servicezPakistan. 0aExecutiveszPakistan. 0aCivil servicezIndiaxHistory. c84259d84259